000 00783nam a2200229 a 4500
001 36597
003 BD-RjUL
005 20211209052516.0
008 160411s2013 bg |||| |||| 00| 0 ben d
020 _a9789848988129
_c: TK. 400.00
035 _a(BD-RjUL)36698
040 _aBD-RjUL
_bben
_cBD-RjUL
041 _aben
082 _223
_a581
_bPAB 2013
100 _aপাল, নিশীথ কুমার
_9111520
245 _aবিজ্ঞানের নানা কথা /
_cনিশীথ কুমার পাল
260 _aঢাকা :
_bবিজয় প্রকাশ,
_c২০১৩
300 _a২৮৬ পৃ. ;
_c২২ সেমি.
650 _aউদ্ভিদ বিজ্ঞান
_9111521
650 _aBotany
_9111522
942 _2ddc
_cBK
999 _c36597
_d36597